The Nehru Mahalanobis strategy (Record no. 107779)
[ view plain ]
| 000 -LEADER | |
|---|---|
| fixed length control field | 00314pab a2200133 454500 |
| 008 - FIXED-LENGTH DATA ELEMENTS--GENERAL INFORMATION | |
| fixed length control field | 180718b2015 xxu||||| |||| 00| 0 eng d |
| 100 ## - MAIN ENTRY--PERSONAL NAME | |
| Personal name | Patnaik, Prabhat |
| 245 ## - TITLE STATEMENT | |
| Title | The Nehru Mahalanobis strategy |
| 260 ## - PUBLICATION, DISTRIBUTION, ETC. | |
| Date of publication, distribution, etc. | 2015 |
| 300 ## - PHYSICAL DESCRIPTION | |
| Extent | p.3-10. |
| 362 ## - DATES OF PUBLICATION AND/OR SEQUENTIAL DESIGNATION | |
| Dates of publication and/or sequential designation | Mar-Apr |
| 773 ## - HOST ITEM ENTRY | |
| Main entry heading | Social Scientist |
| 909 ## - | |
| -- | 107784 |
| Withdrawn status | Lost status | Damaged status | Not for loan | Permanent Location | Current Location | Date acquired | Serial Enumeration / chronology | Barcode | Date last seen | Price effective from | Koha item type |
|---|---|---|---|---|---|---|---|---|---|---|---|
| Indian Institute of Public Administration | Indian Institute of Public Administration | 2018-07-19 | Volume no: 43, Issue no: 3-4 | AR108244 | 2018-07-19 | 2018-07-19 | Articles |
